000 00286nam a2200109Ia 4500
008 171211s9999 xx 000 0 und d
245 _aMastering Jujitsu
245 _cRenzo Gracie
260 _c2003
650 _xMartial Arts
856 _uhttp://down.ebook777.com/053/9780736044042.pdf
999 _c348252
_d348252